000
00197 a2200097 4500
001
32709
100
_a
WAV, Connell, J
245
_a
260
_a
London
_b
Jonathan Cape
_c
090
_c
21909
_d
21909
942
_a
NUST-CAE
_c
M
_c
13235
999
_c
267782
_d
267782